[Event "AUTO-INT-1597"]
[Site "http://www.queenalice.com/game.php?id=724513"]
[Date "2010.2.2"]
[Round "1"]
[White "dorszu"]
[Black "fgoliveira"]
[Result "1-0"]
[WhiteElo "1599"]
[BlackElo "1403"]

1. e4 e5 2. Nf3 Nc6 3. Bc4 Bc5 4. a3 Nf6 5. O-O Nxe4 6. d3 Nd6 7. Ba2 Nf5 8. Ng5
Qe7 9. Bxf7+ Kd8 10. b4 Bd6 11. Bb3 h6 12. Ne4 Qe8 13. Bb2 Be7 14. Nbd2 d6 15.
Re1 Qg6 16. Qf3 Nfd4 17. Bxd4 Nxd4 18. Qd1 Bh3 19. Ng3 1-0

[Event "Challenge"]
[Site "http://www.queenalice.com/game.php?id=724770"]
[Date "2010.2.2"]
[Round "-"]
[White "yak1403"]
[Black "fgoliveira"]
[Result "1-0"]
[WhiteElo "1434"]
[BlackElo "1349"]

1. e3 e5 2. g3 a6 3. h4 d5 4. c3 e4 5. b4 Nc6 6. a4 Ne5 7. Be2 g6 8. a5 h5 9. d4
exd3 10. Bxd3 Bg4 11. f3 Bf5 12. Bxf5 gxf5 13. f4 Qd6 14. Ba3 b6 15. Nf3 b5 16.
Nxe5 Bg7 17. Nd3 Nf6 18. Bb2 Ne4 19. Rg1 c5 20. Nd2 1-0

[Event "AUTO-INT-1598"]
[Site "http://www.queenalice.com/game.php?id=724800"]
[Date "2010.2.2"]
[Round "1"]
[White "juliosoliveira"]
[Black "fgoliveira"]
[Result "1-0"]
[WhiteElo "1572"]
[BlackElo "1347"]

1. c4 e5 2. Nc3 Qh4 3. Qa4 Bc5 4. e3 Nf6 5. g3 Qg4 6. f3 Qe6 7. g4 c6 8. g5 Nh5
9. Bh3 Qg6 10. Ne4 f5 11. Nxc5 b6 12. Nd3 Qxg5 13. Nxe5 Rf8 14. f4 Qh4+ 15. Kd1
g6 16. Nef3 Qf2 17. c5 Ba6 18. Kc2 d5 19. cxd6 Nf6 20. Ne5 Nbd7 21. Qxc6 Rc8 22.
Kd1 1-0

[Event "AUTO-INT-1598"]
[Site "http://www.queenalice.com/game.php?id=724814"]
[Date "2010.2.2"]
[Round "1"]
[White "fgoliveira"]
[Black "dorszu"]
[Result "0-1"]
[WhiteElo "1380"]
[BlackElo "1622"]

1. e4 c5 2. Bc4 e6 3. d3 Nc6 4. Nf3 b6 5. Nc3 Bb7 6. Bg5 Be7 7. h4 Bxg5 8. Nxg5
h6 9. Nf3 Nge7 10. Qd2 O-O 11. O-O Qc7 12. g4 Rfe8 13. g5 h5 14. Rae1 Ng6 15.
Re2 Nd4 16. Re3 Qf4 17. a3 Nxf3+ 0-1

[Event "AUTO-INT-1598"]
[Site "http://www.queenalice.com/game.php?id=724815"]
[Date "2010.2.2"]
[Round "1"]
[White "dorszu"]
[Black "fgoliveira"]
[Result "1-0"]
[WhiteElo "1615"]
[BlackElo "1387"]

1. e4 e5 2. Nf3 Nc6 3. Bc4 Bc5 4. a3 Nf6 5. O-O Nxe4 6. Re1 Bxf2+ 7. Kh1 Bxe1 8.
Qxe1 Ng5 9. Nxg5 Qxg5 10. d4 Qf5 11. Be3 Qxc2 12. Qf1 f6 13. b4 Qe4 14. Qf2 d5
15. Bb5 Bh3 16. Bxc6+ bxc6 17. Nc3 Bxg2+ 18. Qxg2 Qxe3 19. Qxg7 1-0

[Event "AUTO-INT-1598"]
[Site "http://www.queenalice.com/game.php?id=724816"]
[Date "2010.2.2"]
[Round "1"]
[White "fgoliveira"]
[Black "ButchCassidy"]
[Result "0-1"]
[WhiteElo "1351"]
[BlackElo "1620"]

1. e4 e5 2. Bc4 Nf6 3. d3 h6 4. Nf3 Bc5 5. Nxe5 O-O 6. Ng4 d5 7. exd5 Nxg4 8.
Rf1 Nxh2 9. Rh1 Re8+ 10. Kd2 Qg5+ 11. Kc3 Qxg2 12. Re1 Rxe1 13. Qxe1 Bd4+ 14.
Kb3 Bd7 15. Be3 Nf3 16. Qb4 b6 17. Qe7 Bxe3 18. fxe3 b5 19. Bxb5 Bxb5 20. Nc3
Nd2+ 21. Kb4 Bd7 22. Qd8+ Kh7 23. Nb5 a5+ 24. Kc5 Na6+ 25. Kd4 Rxd8 26. c4 Nf3+
27. Kc3 Qd2+ 28. Kb3 Qxd3+ 29. Nc3 Nd2+ 30. Ka3 Nxc4+ 31. Kb3 Nc5# 0-1

[Event "AUTO-INT-1598"]
[Site "http://www.queenalice.com/game.php?id=724817"]
[Date "2010.2.2"]
[Round "1"]
[White "ButchCassidy"]
[Black "fgoliveira"]
[Result "1-0"]
[WhiteElo "1609"]
[BlackElo "1428"]

1. e4 e5 2. Nf3 Nc6 3. Bc4 Bc5 4. O-O d6 5. h3 Nge7 6. d3 Nd4 7. c3 Nxf3+ 8.
Qxf3 f6 9. Qg3 g5 10. Be3 Bxe3 11. fxe3 d5 12. exd5 Nxd5 13. e4 Nb6 14. Nd2 Nxc4
15. Nxc4 Qe7 16. b4 Be6 17. a4 c5 18. b5 a5 19. Nb6 Rd8 20. Nc4 h5 21. Nxa5 h4
22. Qf3 Ra8 23. Qxf6 Rxa5 24. Qxh8+ Kd7 25. Qxe5 b6 26. Qb8 Qd6 27. Qb7+ Ke8 28.
Rf6 Qe7 29. Qxe7+ Kxe7 30. Rg6 Bb3 31. Rxb6 Kd7 32. Rg6 Bc2 33. Rf1 Ke7 34. Rxg5
Bxd3 35. Re5+ Kd6 36. Rd5+ Ke6 37. Rxd3 Rxa4 38. Rd5 c4 39. b6 Ra8 40. Rff5 Rb8
41. Rfe5+ Kf7 42. Rd6 Rb7 43. Rc5 Re7 44. Rc7 Ke8 45. Rxe7+ Kxe7 46. e5 Ke8 47.
b7 Ke7 48. b8=Q Kf7 49. Qc7+ Ke8 50. Rd8# 1-0

[Event "AUTO-BEG-378"]
[Site "http://www.queenalice.com/game.php?id=724851"]
[Date "2010.2.2"]
[Round "1"]
[White "fgoliveira"]
[Black "CristianLonghinoti"]
[Result "1-0"]
[WhiteElo "1379"]
[BlackElo "1347"]

1. e4 e5 2. Bc4 Qe7 3. Nc3 Nc6 4. d3 d6 5. Bd2 a6 6. Nd5 Qd8 7. Ba5 b6 8. Bc3 a5
9. Qf3 Nh6 10. Bd2 Ne7 11. Bxh6 f6 12. Nxf6+ gxf6 13. Qxf6 c6 14. Bf7+ Kd7 15.
Qxh8 Bb7 16. Qxh7 d5 17. f3 dxe4 18. Be3 c5 19. Rd1 exf3 20. Nxf3 Kc7 21. Nxe5
Rc8 22. Bc4 Kb8 23. Qh3 Bg7 24. Nd7+ Ka7 25. Qe6 Rc7 26. Qxb6+ Ka8 27. Qxa5+ Ba6
28. Qxa6+ Ra7 29. Nb6+ Kb8 30. Bf4+ Rc7 31. Qa8# 1-0

[Event "AUTO-BEG-378"]
[Site "http://www.queenalice.com/game.php?id=724852"]
[Date "2010.2.2"]
[Round "1"]
[White "CristianLonghinoti"]
[Black "fgoliveira"]
[Result "1-0"]
[WhiteElo "1316"]
[BlackElo "1424"]

1. e4 e5 2. Nf3 Nc6 3. d3 Bc5 4. Qd2 d6 5. a3 b5 6. c3 Bg4 7. b4 Bb6 8. Be2 Qf6
9. a4 bxa4 10. Rxa4 Nge7 11. c4 Nd4 12. Nxd4 Bd7 13. Bd1 exd4 14. Ba3 Bxa4 15.
Bxa4+ Kf8 16. O-O Ng6 17. c5 Rb8 18. cxb6 Rxb6 19. Qe2 Nf4 20. Qf3 g6 21. b5 c5
22. Bb2 a6 23. Bc1 Nh5 24. Bh6+ Kg8 25. Nd2 axb5 26. Bd1 Qe6 27. Bb3 Qe7 28. Ra1
Qb7 29. Bd5 Rc6 30. g4 Ng7 31. Qf6 Ne8 32. Qf5 Qc8 33. Nb3 Qxf5 34. exf5 Rc8 35.
Ra7 Rc7 36. Ra8 Re7 37. Na5 Re5 38. Bc6 f6 39. Bxe8 c4 40. dxc4 bxc4 41. Nxc4
Rd5 42. Ra7 Rc5 43. Bf7# 1-0

[Event "AUTO-BEG-378"]
[Site "http://www.queenalice.com/game.php?id=724853"]
[Date "2010.2.2"]
[Round "1"]
[White "fgoliveira"]
[Black "odinn"]
[Result "0-1"]
[WhiteElo "1365"]
[BlackElo "1358"]

1. e4 e5 2. Qh5 Nc6 3. Bc4 Nh6 4. d3 Na5 5. Bxh6 Nxc4 6. Bd2 Nxd2 7. Nxd2 d6 8.
Ngf3 Be7 9. g4 g6 10. Qh3 h5 11. Qg2 hxg4 12. Ng1 g3 13. hxg3 Bf6 14. Rxh8+ Bxh8
15. O-O-O Bf6 16. Ngf3 Be6 17. a3 Qd7 18. Qh2 b6 19. Qh6 O-O-O 20. c3 Rh8 21.
Qe3 Bg4 22. Nb3 Bg7 23. Kb1 Bh6 24. Qe1 Bxf3 0-1

[Event "AUTO-BEG-378"]
[Site "http://www.queenalice.com/game.php?id=724854"]
[Date "2010.2.2"]
[Round "1"]
[White "odinn"]
[Black "fgoliveira"]
[Result "0-1"]
[WhiteElo "1303"]
[BlackElo "1412"]

1. e4 e5 2. Nf3 Nc6 3. Bc4 Bc5 4. d3 d6 5. Ng5 Be6 6. Bxe6 fxe6 7. Qf3 Nf6 8.
Nxe6 Qd7 9. Nxg7+ Qxg7 10. Nc3 O-O-O 11. O-O Rdf8 12. g3 h5 13. Qd1 Ng4 14. Bd2
h4 15. Qc1 Nxf2 16. Bh6 Rxh6 17. Rxf2 Rxf2 18. g4 Qxg4+ 19. Kh1 Qg2# 0-1

[Event "AUTO-INT-1607"]
[Site "http://www.queenalice.com/game.php?id=729344"]
[Date "2010.2.10"]
[Round "1"]
[White "KAXY"]
[Black "fgoliveira"]
[Result "1-0"]
[WhiteElo "1708"]
[BlackElo "1334"]

1. d4 d5 2. e3 e6 3. Nf3 Nf6 4. Nbd2 a6 5. a4 Bb4 6. c3 Bd6 7. b4 Ne4 8. Bd3
Nxc3 9. Qc2 Bxb4 10. Bb2 Ne4 11. Bxe4 dxe4 12. Ng5 Qxg5 13. O-O 1-0

[Event "AUTO-INT-1607"]
[Site "http://www.queenalice.com/game.php?id=729345"]
[Date "2010.2.10"]
[Round "1"]
[White "fgoliveira"]
[Black "KAXY"]
[Result "0-1"]
[WhiteElo "1367"]
[BlackElo "1735"]

1. e4 e5 2. Qh5 d6 3. Bc4 g6 4. Qf3 Nf6 5. d3 Bg7 6. Bg5 O-O 7. Nc3 Nbd7 8. Nh3
c6 9. g4 Nb6 10. Rg1 d5 11. Bxf6 Qxf6 12. g5 Qxf3 13. Bb3 Qxh3 0-1

[Event "AUTO-INT-1607"]
[Site "http://www.queenalice.com/game.php?id=729372"]
[Date "2010.2.10"]
[Round "1"]
[White "fgoliveira"]
[Black "kane"]
[Result "0-1"]
[WhiteElo "1395"]
[BlackElo "1549"]

1. e4 e5 2. Bc4 Nf6 3. d3 c6 4. Bg5 h6 5. Qh5 Qa5+ 6. Bd2 Qxd2+ 7. Nxd2 Nxh5 8.
Ngf3 f6 9. O-O b5 10. Bb3 Bc5 11. c4 bxc4 12. Nxc4 Ba6 13. Rad1 Bxc4 14. Bxc4
Nf4 0-1

[Event "AUTO-INT-1607"]
[Site "http://www.queenalice.com/game.php?id=729373"]
[Date "2010.2.10"]
[Round "1"]
[White "kane"]
[Black "fgoliveira"]
[Result "1-0"]
[WhiteElo "1559"]
[BlackElo "1385"]

1. e4 e5 2. Nf3 Bc5 3. a3 a6 4. Nxe5 Qh4 5. Qf3 f6 6. g3 Qg5 7. Nd3 Ba7 8. Nb4
d6 9. Nd5 Kd8 10. Nbc3 Ne7 11. Nxe7 Kxe7 12. Nd5+ Kf7 13. Nxc7 Bg4 14. Qb3+ 1-0

[Event "Challenge"]
[Site "http://www.queenalice.com/game.php?id=729453"]
[Date "2010.2.10"]
[Round "-"]
[White "geosus"]
[Black "fgoliveira"]
[Result "1-0"]
[WhiteElo "1530"]
[BlackElo "1419"]

1. e4 e5 2. Nf3 Qe7 3. Nc3 Nc6 4. d3 Nf6 5. Bg5 h6 6. Bxf6 Qxf6 7. Nd5 Qd6 8.
Nh4 g6 9. a3 Nd4 10. c3 Ne6 11. Qf3 Bg7 12. Be2 c6 13. Nf6+ Bxf6 14. Qxf6 Rg8
15. Rd1 Qc5 16. d4 exd4 17. cxd4 d5 18. dxc5 dxe4 19. Bg4 Nxc5 20. Qd8# 1-0